Every Song by the Stone Roses - Statistics

General Stats
  • This quiz has been taken 80 times
  • The average score is 21 of 58
Answer Stats
Album Song % Correct
Turns into Stone(1992) Fools Gold
92%
The Stone Roses(1989) I Am the Resurrection
87%
The Stone Roses(1989) I Wanna Be Adored
83%
The Stone Roses(1989) Waterfall
83%
The Stone Roses(1989) She Bangs the Drums
82%
The Stone Roses(1989) Made of Stone
77%
The Complete Stone Roses(1995) Sally Cinnamon
72%
The Stone Roses(1989) Elizabeth My Dear
68%
Turns into Stone(1992) Mersey Paradise
67%
The Stone Roses(US)(1989) Elephant Stone
65%
Second Coming(1994) Love Spreads
65%
The Stone Roses(1989) This Is the One
65%
The Stone Roses(1989) Bye Bye Badman
62%
The Stone Roses(1989) Don't Stop
58%
The Stone Roses(1989) (Song for My) Sugar Spun Sister
58%
Second Coming(1994) Ten Storey Love Song
50%
The Stone Roses(1989) Shoot You Down
48%
Second Coming(1994) Breaking into Heaven
45%
Second Coming(1994) Driving South
42%
The Complete Stone Roses(1995) All Across the Sand
40%
Second Coming(Hidden)(1994) The Foz
40%
Turns into Stone(1992) Going Down
38%
Turns into Stone(1992) One Love
33%
Turns into Stone(1992) Where Angels Play
33%
Second Coming(1994) Begging You
32%
Second Coming(1994) Tightrope
32%
Turns into Stone(1992) What the World Is Waiting For
32%
The Complete Stone Roses(1995) Here It Comes
30%
Turns into Stone(1992) The Hardest Thing in the World
30%
Non-Album(2016) All for One
28%
Non-Album(2016) Beautiful Thing
27%
Fools Gold(1989) Guernica
27%
Second Coming(1994) Tears
27%
Second Coming(1994) Daybreak
25%
Second Coming(1994) Good Times
25%
Second Coming(1994) How Do You Sleep
25%
Turns into Stone(1992) Something's Burning
25%
Turns into Stone(1992) Standing Here
25%
Second Coming(1994) Your Star Will Shine
25%
The Complete Stone Roses(1995) Full Fathom Five
23%
Turns into Stone(1992) Simone
23%
Second Coming(1994) Straight to the Man
20%
The Complete Stone Roses(1995) Tell Me
18%
The Complete Stone Roses(1995) So Young
17%
Garage Flower(1996) Trust a Fox
13%
The Stone Roses(Bonus)(2009) Pearl Bastard
12%
Garage Flower(1996) Tradjic Roundabout
12%
Garage Flower(1996) All I Want
8%
Garage Flower(1996) Fall
8%
Garage Flower(1996) Mission Impossible
8%
Garage Flower(1996) Getting Plenty
7%
Non-Album(1983) Normandy (On A Beach)
7%
Garage Flower(1996) Haddock
5%
Garage Flower(1996) Heart on the Staves
5%
Garage Flower(1996) Just a Little Bit
5%
The Complete Stone Roses(Bonus)(1995) I'm Without Shoes
3%
Second Coming(B-Side)(1994) Moses
3%
Non-Album(1983) When The Wind Blows
2%
No matching quizzes found
Score Distribution
Percent of People with Each Score
Percentile by Number Answered
Your Score History
You have not taken this quiz